000 00903nam a2200277 i 4500
001 000021643
003 DO-SdBNP
005 20240510091312.0
007 ta
008 100909s1994 dr 000 0 spa d
040 _aDO-SdBNP
_bspa
_cBNPHU
_erda
049 _aBNPD
082 4 _bH695s
_222
100 1 _aHoetink, H.,
_d1931-
_937205
_eautor
245 1 0 _aSanto Domingo y el Caribe :
_bensayos sobre cultura y sociedad /
_cHarry Hoetink ; prólogo, Bernardo Vega.
264 _aSanto Domingo :
_bFundación Cultural Dominicana,
_c1994.
300 _a206 páginas ;
_c23 cm.
336 _2rdacontent
_atexto
_btxt
337 _2rdamedia
_asin mediación
_bn
338 _2rdacarrier
_avolumen
_bnc
500 _aIncluye notas al pie de páginas
504 _aBibliografías : p. 200-201
590 _aInventariado, 2024/BT
700 1 _aVega, Bernardo,
_d1938 -
_eprólogo
_93222
942 _2ddc
_cLBS1
999 _c21142
_d21142